000 00669nam a2200217 u 4500
005 20240213064449.0
008 090603s1980 es r 000 0 spa d
020 _a8426134556
035 _aUPN01000170936
049 _aI
050 4 _aPZ59
_bP7.7
100 1 _aProysen, Alf,
_d1914-1970
_931880
245 1 3 _aLa señora Cucharita /
_cAlf Proysen ; il. Montse Ginesta ; tr. Herminia Dauer.
260 _aBarcelona, Esp. :
_bJuventud,
_c1980.
300 _a147 p. :
_bil.
440 0 _aJuventud
650 4 _aLiteratura infantil sueca
_911036
650 4 _aCiencia ficción
_vCuentos y leyendas
_913121
650 4 _aCUENTOS FANTASTICOS
_97897
905 _aInfantil
999 _c143041
_d143041